|
|
|
|
| LEADER |
00000cam a2200000 i 4500 |
| 001 |
1/31639 |
| 008 |
950808s1982 eng d |
| 020 |
|
|
|a 0393014908
|
| 035 |
|
|
|l 10023613
|
| 040 |
|
|
|a GR-MY-UA
|b gre
|e aacr
|
| 041 |
0 |
|
|a eng
|
| 082 |
0 |
|
|a 339
|2 (19)
|
| 100 |
1 |
|
|a Maisel, Sherman J.
|
| 245 |
1 |
0 |
|a Macroeconomics :
|b theories and policies /
|c Sherman J. Maisel
|
| 260 |
|
|
|a New York :
|b Norton,
|c c1982
|
| 300 |
|
|
|a xiv, 699, 18 p.;
|b ill.;
|c 25 cm
|
| 504 |
|
|
|a Includes bibliographies and index
|
| 650 |
0 |
0 |
|a Macroeconomics.
|
| 852 |
|
|
|a INST
|b CHIOS
|e 19950808
|h 339 MAI
|p 005200001326
|q 005200001326
|t BK
|y 0
|
| 909 |
|
|
|a Χ
|b 013304
|